Kembali Mencintai

Bibliographic Details
Main Author: Syamnuriezmil (Author)
Format: Book
Language:Malay
Published: Cheras, Selangor : PENERBITAN KARYASENI SDN BHD 2018
Subjects:

MARC

LEADER 00000cam a2200000 7i4500
001 0000028813
005 20200313.0
008 200311 my may
020 |a 9789674691080 
040 |a INS   |b eng   |e rda 
090 0 0 |a PL5186   |b S93 2018 
100 0 |a Syamnuriezmil ,   |e author 
245 0 0 |a Kembali Mencintai   |c Syamnuriezmil ; Editor: Jabatan Editorial Karyaseni 
264 1 |a Cheras, Selangor :   |b PENERBITAN KARYASENI SDN BHD   |c 2018 
300 |a ii, 864 pages ;   |c 19 cm. 
336 |a text  |2 rdacontent 
337 |a unmediated  |2 rdamedia 
338 |a volume  |2 rdacarrier 
650 0 |a Malay fiction 
999 |a 1000003891   |b BOOK   |c Open Shelf   |e Default branch